000 00765nam a2200253Ia 4500
003 OSt
005 20220930093843.0
006 a|||||r|||| 00| 0
007 ta
008 220926b |||||||| |||| 00| 0 san d
024 _a62800
037 _cTheses
040 _aCRL
_cCRL
_bsan
041 _2san
_asan
100 _aMishr Ramanand Au.
_9553492
110 _aDelhi University. Arts Faculty. Sanskrit Departmant
_9553493
245 0 _aPaniniyaprakriyagranthana kimavlya samikshatmak
260 _c2018
300 _a238p.
_ap.
_ccm.
700 _a Jha Chanderbhushan Gu.
_9553494
700 _aDelhi University. Arts Faculty. Sanskrit Departmant
_9553495
942 _cDIS
_2CC
999 _c886100
_d886100